000 00647nam a2200205 a 4500
001 000021132
005 20200930011237.0
008 100831s1982 gw r 000 f spa d
040 _aDO-SdBNP
_bspa
_cBNPHU
041 1 7 _aspa
_heng
_2Código de idioma MARC
082 _a813.54
_bW855g
100 1 _aWolff, Geoffrey,
_d1937-
_944185
245 1 0 _aGato por liebre /
_cGeoffrey Wolff ; traducción de Randolph Pope.
260 _aHanover, Alemania :
_bDel Norte,
_c1982.
300 _a431 p. ;
_c19 cm.
650 4 _aNovela estadounidense
_9262
650 4 _aLiteratura estadounidense
_9263
700 1 _aPope, Randolph,
_etr.
_944186
049 _aBNGR
999 _c20634
_d20634